000 00288nam a22001217a 4500
999 _c5324
_d5324
008 250904b ||||| |||| 00| 0 eng d
020 _a9781419712173
082 _a362.4 BEL
100 _aBELL,CECE
_eAUTHOR
_lENGLISH
245 _aEl Deafo
260 _bAmulet Books New York
942 _2ddc